000 00416nam a2200169Ia 4500
008 230524s9999 xx 000 0 und d
020 _a9788131718889
082 _a621.4021
_bJOE
100 _aRayner Joel
245 0 _aBasic Engineering Thermodynamics
250 _a5TH
260 _aNEW DELHI
_bPearson
_c2008
300 _aIV;637
500 _aQuantity Number: 30
650 _aThermodynamics
942 _cBK
999 _c38897
_d38897